000 02160nam a22002537a 4500
003 0
005 20241015151638.0
008 241015b xxu||||| |||| 00| 0 eng d
020 _a9781350321748
050 _aHF 1359
_b.M67 2023
100 _aMorrison, Janet,
_eauthor.
245 _aThe global business environment :
_bsustainability in the balance /
_cJanet Morrison.
250 _a6th ed.
260 _aLondon :
_bBloomsbury Academic,
_c2023.
300 _axlvi, 603 p. :
_bcol. ill. ;
_c28 cm.
504 _aIncludes bibliographical references and index.
520 _a"This text challenges students to think critically about global issues that affect the business environment and provides them with a wealth of pedagogical features that help cement learning. Its coverage includes the economic, political, social, legal, cultural, technological and financial environments. The book is truly global in coverage, with case studies and examples from all over the world, including Afghanistan, China, Sweden and Thailand. It also has a strong focus on ethics, responsibilities and sustainability and what this means for business organizations. Janet Morrison's writing style makes difficult concepts easy to understand and its clarity makes it suitable for students with English as a second language. New to this edition: - The theme of uncertainty in global contexts, examining how best to assess and confront the challenges of uncertainties and risks in the differing dimensions of the business environment - A chapter on the worldwide pandemic and the global business environment - Increased coverage of FDI, industrial policy and global communication - New coverage relating to race relations and decolonising the curriculum - 10 new cases, making a total of 52 cases, with all other cases fully updated - A brand new decision-making feature linked to some of the cases studies"--Provided by publisher.
650 _aInternational economic relations.
650 _aInternational business enterprises.
650 _aInternational trade.
650 _aGlobalization
_vEconomic aspects.
650 _aCompetition, International.
942 _2lcc
_cBK
999 _c366560
_d366560